Gorbea

Sábháilte in:
Sonraí bibleagrafaíochta
Príomhchruthaitheoir: Fernández, Manuel Salustio (Údar)
Formáid: LEABHAR
Teanga:Spáinnis
Foilsithe / Cruthaithe: Santiago Imprenta del Ferrocarril 1861
Eagrán:1a. ed
Ábhair:
Clibeanna: Cuir clib leis
Níl clibeanna ann, Bí ar an gcéad duine le clib a chur leis an taifead seo!

MARC

LEADER 00000nam a2200000 a 4500
001 UCJ4327
003 CL-VaPUC
008 070124e18610000CL |||||||||||||||||spa|d
082 0 4 |a 925  |b GOR  |2 21 
100 0 |a Fernández, Manuel Salustio  |e author  |9 507791 
245 1 0 |a Gorbea 
250 |a 1a. ed 
300 |a 31 p 
942 |c BK 
945 |d 20070124 00:00:00  |a rinostro 
260 |a Santiago  |b Imprenta del Ferrocarril  |c 1861 
500 |a front.: retrato de Gorbea 
600 0 7 |a GORBEA, ANDRES ANTONIO DE  |2 CL-VaPUC  |9 507792 
650 7 |a BIOGRAFIA  |2 CL-VaPUC  |9 504622 
650 0 |a Educadores   |9 314091 
650 7 |a MATEMATICOS  |2 CL-VaPUC  |9 266065 
650 0 |a Iconografía   |9 267998 
651 7 |a CHILE  |2 CL-VaPUC  |9 507793 
583 |a last modification  |c 20070124 00:00:00  |k Rodrigo Vera 
999 |c 320443  |d 320441 
952 |0 0  |1 0  |4 0  |6 925_000000000000000_GOR_1861  |7 0  |8 X  |9 398963  |a FDOBUD  |b FDOBUD  |d 2019-11-22  |i 1016857  |o 925 GOR 1861  |p 1016857  |r 2019-11-22  |w 2019-11-22  |y BK_X  |k BUD